000 00464nam a22001697a 4500
005 20260323101836.0
008 260323b |||||||| |||| 00| 0 eng d
020 _a978-81-203-4826-4
100 _aMAJUMDAR DILIP KUMAR
245 _aIRRIGATION WATER MANAGEMENT: PRINCIPLES AND PRACTICE
250 _a2ND ED.
260 _aDELHI
_bPHI LEARNING
_c2025
300 _aXIV,557P.
500 _aINCLUDES AN INDEX
650 _aIRRIGATION FARMING
942 _2lcc
_cBK
999 _c216849
_d216849